000 00885nas a2200301 4500
001 BR2013000216
003 BR-BrBNA
005 20231205121944.0
007 ta
008 230509b bl.|||p| |||| 00| 00por d
040 _aBR-BrBNA
_bpor
_cBiblioteca Nacional de Agricultura
041 _a(En)
072 _aT01
100 1 _aMazzoni, A.C.
100 1 _aLanzer,R.
100 1 _aBordin, J.
100 1 _aSchafer, A.
100 1 _aWasum, R.
245 1 _aMosses as indicators of atmospheric metal deposition in an industrial area of southern Brazil
650 _aRIO GRANDE DO SUL
650 _aPOLUIÇÃO DO AR
650 _aMETAL PESADO
650 _aMUSGO
650 _aBRYOPHYTA
773 0 _tActa Botanica Brasilica (Brazil)
_xISSN 517-719
_g(Jul-Sep 2012), v. 26(3) p. 553-558
_wBR2013000216
909 _a202311
_bLúcia
_c55
_dLúcia Elande
942 _2AGRIS
_n0
_cANA
999 _c226128
_d226128